All Carl Perkins Songs - Statistics

General Stats
  • This quiz has been taken 9 times
  • The average score is 22 of 145
Answer Stats
Album Song % Correct
Dance Album Blue Suede Shoes
88%
Dance Album Honey Don't
63%
Dance Album Everybody's Trying to Be My Baby
50%
Dance Album Matchbox
50%
Dance Album Boppin' the Blues
38%
Go Cat Go! Go Cat Go
38%
On Top A Lion in the Jungle
25%
On Top Brown-Eyed Handsome Man
25%
On Top C.C. Rider
25%
On Top Champaign, Illinois
25%
Country Boy's Dream Country Boy's Dream
25%
Country Boy's Dream Detroit City
25%
Country Boy's Dream Home (That's Where the Heart Is)
25%
Country Boy's Dream If I Could Come Back
25%
On Top I'm Gonna Set My Foot Down
25%
Dance Album Only You
25%
Country Boy's Dream Poor Boy Blues
25%
On Top Power of My Soul
25%
Go Cat Go! Restless
25%
On Top Riverboat Annie
25%
Country Boy's Dream Shine, Shine, Shine
25%
On Top Soul Beat
25%
On Top Superfool
25%
Dance Album Sure to Fall
25%
Boppin' the Blues Sure to Fall (In Love with You)
25%
Country Boy's Dream The Star of the Show
25%
Boppin' the Blues Turn Around
25%
Country Boy's Dream You Can Take the Boy Out of the Country
25%
Dance Album Your True Love
25%
Born to Rock A Lifetime Last Night
13%
Boppin' the Blues Allergic to Love
13%
Boppin' the Blues All Mama's Children
13%
Go Cat Go! A Mile Out of Memphis
13%
Cane Creek Glory Church Baby I'm Hung On You
13%
On Top Baby, What You Want Me to Do?
13%
Ol' Blue Suede's Back Be Bop a Lula
13%
Class of '55 Big Train (from Memphis)
13%
Class of '55 Birth of Rock and Roll
13%
Friends, Family & Legends Birth of Rock & Roll
13%
Friends, Family & Legends Book Faded Brown
13%
Cane Creek Glory Church Born Equal
13%
Born to Rock Born to Rock
13%
Cane Creek Glory Church Brand New Me
13%
Born to Rock Charlene
13%
Class of '55 Class of '55
13%
Class of '55 Coming Home
13%
Born to Rock Cotton Top
13%
Country Soul Country Soul
13%
Country Soul Daddy Sang Bass
13%
Country Soul Disciple In Blue Suede Shoes
13%
Go Cat Go! Distance Makes No Difference with Love
13%
Born to Rock | Friends, Family & Legends Don't Let Go
13%
Friends, Family & Legends Don't Stop the Music
13%
Country Boy's Dream Dream on Little Dreamer
13%
Boppin' the Blues Dr. Howard, Dr. Fine, Dr. Howard
13%
Boppin' the Blues Flat Foot Flewzy
13%
Go Cat Go! Give Me Back My Job
13%
Friends, Family & Legends Godfather of Rock & Roll
13%
My Kind of Country Goin' to Memphis
13%
Dance Album Gone, Gone, Gone
13%
Whole Lotta Shakin' Good Rockin' Tonight
13%
Cane Creek Glory Church Great Day in the Morning
13%
Friends, Family & Legends Half the Time
13%
Born to Rock Hambone
13%
Ol' Blue Suede's Back Hang Up My Rock & Roll Shoes
13%
My Kind of Country Help Me Dream
13%
Whole Lotta Shakin' Hey Good Lookin'
13%
My Kind of Country Honky Tonk Song
13%
Carl Perkins & Sons | Country Soul I Don't Like What I'm Seeing In You
13%
Carl Perkins & Sons I Don't Want to Fall in Love Again
13%
Whole Lotta Shakin' I Got a Woman
13%
Cane Creek Glory Church I Got Tired
13%
Ol' Blue Suede's Back I'm In Love Again
13%
Class of '55 I Will Rock and Roll with You
13%
Whole Lotta Shakin' Jenny Jenny
13%
My Kind of Country Just as Long
13%
Boppin' the Blues Just Coastin'
13%
Ol' Blue Suede's Back Kaw-Liga
13%
Class of '55 Keep My Motor Running
13%
My Kind of Country (Let's Get) Dixiefried
13%
Whole Lotta Shakin' Long Tall Sally
13%
My Kind of Country Lord, I Sinned Again Last Night
13%
Carl Perkins & Sons Love Kept It All Together
13%
Born to Rock Love Makes Dreams Come True
13%
My Kind of Country Love Sweet Love
13%
Ol' Blue Suede's Back Mabellene
13%
Friends, Family & Legends Make It Right
13%
Country Soul Mama
13%
Cane Creek Glory Church Mama Caught Papa
13%
Dance Album Movie Magg
13%
Go Cat Go! My Old Friend
13%
My Kind of Country Never Look Back
13%
Friends, Family & Legends Of Love
13%
My Kind of Country One More Loser Going Home
13%
Go Cat Go! One More Shot
13%
Boppin' the Blues On the Farm
13%
Friends, Family & Legends Pink Cadillac
13%
Go Cat Go! Quarter Horse
13%
Whole Lotta Shakin' Ready Teddy
13%
Carl Perkins & Sons | Country Soul Redneck
13%
Boppin' the Blues Rip It Up
13%
Go Cat Go! Rockabilly Music
13%
Class of '55 Rock and Roll (Fais-Do-Do)
13%
Ol' Blue Suede's Back Rock Around the Clock
13%
Ol' Blue Suede's Back Rock Around the World
13%
My Kind of Country Ruby, Don't Take Your Love to Town
13%
Whole Lotta Shakin' Shake, Rattle and Roll
13%
Ol' Blue Suede's Back Shake Rattle & Roll
13%
Whole Lotta Shakin' Sittin' on Top of the World
13%
Class of '55 Sixteen Candles
13%
Boppin' the Blues Sorry Charlie
13%
Country Boy's Dream Stateside
13%
Boppin' the Blues Step Aside
13%
Cane Creek Glory Church Step It Up and Go
13%
Country Boy's Dream Sweet Misery
13%
Dance Album Tennessee
13%
Whole Lotta Shakin' That's All Right
13%
Carl Perkins & Sons The Courtroom
13%
Carl Perkins & Sons The Hurt Put On By You
13%
Born to Rock The Rain Might Wash Your Love Away
13%
Born to Rock Till I Couldn't Stand No More
13%
Boppin' the Blues Tina
13%
Whole Lotta Shakin' Tutti Frutti
13%
Go Cat Go! Two Old Army Pals
13%
Country Boy's Dream Unmitigated Gall
13%
Class of '55 Waymore's Blues
13%
Class of '55 We Remember the King
13%
Whole Lotta Shakin' Where the Rio de Rosa Flows
13%
Friends, Family & Legends Wild Texas Wind
13%
Dance Album Wrong Yo Yo
13%
My Kind of Country You Tore My Heaven to Hell
13%
Born to Rock Baby, Please Answer Your Phone
0%
Cane Creek Glory Church Cane Greek Glory Church
0%
Country Soul Every Road
0%
Country Soul Hallelujah Special
0%
Disciple in Blue Suede Shoes Old Time Religion Medley
0%
Country Soul Rise and Shine
0%
Disciple in Blue Suede Shoes Sundays Are Fundays
0%
Disciple in Blue Suede Shoes Sweeter Than Candy
0%
Disciple in Blue Suede Shoes This Ole House
0%
Country Soul Twenty-One
0%
Whole Lotta Shakin' Whole Lotta Shakin' Goin' On
0%
No matching quizzes found
Score Distribution
Percent of People with Each Score
Percentile by Number Answered
Your Score History
You have not taken this quiz